F1 Season: 1955 Race Winners - Statistics

General Stats
  • This quiz has been taken 150 times
  • The average score is 6 of 7
Answer Stats
Grand Prix Winner % Correct
Argentine Juan Manuel Fangio
100%
Belgian Juan Manuel Fangio
100%
Dutch Juan Manuel Fangio
100%
Italian Juan Manuel Fangio
100%
British Stirling Moss
87%
Monaco Maurice Trintignant
52%
Indianapolis 500 Bob Sweikert
35%
No matching quizzes found
Score Distribution
Percent of People with Each Score
Percentile by Number Answered
Your Score History
You have not taken this quiz